000 01105nas a2200361 4500
001 BR0604419
003 BR-BrBNA
005 20231205110412.0
007 ta
008 230509b bl.|||p| |||| 00| 00por d
040 _aBR-BrBNA
_bpor
_cBiblioteca Nacional de Agricultura
041 _a(Pt)
072 _aL02; L51
100 1 _aMonteiro, M.P.
100 1 _aMoraes, G.H.K. de
100 1 _aFanchiotti, F.E.
100 1 _aOliveira, M.G. de A.
100 1 _aRodrigues, A.C.P.
100 1 _aAlbino, L.F.T.
100 1 _aGuimarães, V.M.
100 1 _aVieites, F.M.
245 1 _aAlfa-amilase em frangos de corte: efeitos do balanço eletrolítico e do nível protéico da dieta
650 _aFRANGO DE CORTE
650 _aAMILASE
650 _aDIETA
650 _aATIVIDADE ENZÍMICA
650 _aCOMPOSIÇÃO DE ALIMENTO
650 _aPÂNCREA
650 _aDIGESTIBILIDADE
773 0 _tRevista Brasileira de Zootecnia (Brazil)
_xISSN 1516-3598
_g(May-Jun 2006), v. 35(3)Suplemento p. 1070-1076
_wBR0604419
909 _a202311
_bLúcia
_c55
_dLúcia Elande
942 _2AGRIS
_n0
_cANA
999 _c187254
_d187254